Investigar y representar : el Arte mexicana (1595) de Antonio del Rincón, SJ /
El libro Arte mexicana, del jesuita Antonio del Rincón, presenta uno de los primeros acercamientos a la gramática del nahua hecha a pocos años de la conquista española del altiplano mexicano. Publicado en 1595, existe una edición posterior, de Antonio Peñafiel, de 1885. En la presente obra se ofrece...
Guardat en:
| Autor principal: | |
|---|---|
| Altres autors: | , |
| Format: | Electrònic |
| Idioma: | espanyol |
| Col·lecció: | (Lenguas Indígenas)
|
| Matèries: | |
| Etiquetes: |
Sense etiquetes, Sigues el primer a etiquetar aquest registre!
|
MARC
| LEADER | 00000nmm^a2200000^a^4500 | ||
|---|---|---|---|
| 001 | 000329088 | ||
| 005 | 20250521000000.0 | ||
| 009 | 20260310113925.239 | ||
| 020 | |a 978-607-450-018-9 | ||
| 037 | |a Acervo ITESO - Biblioteca | ||
| 041 | |a ESP | ||
| 082 | |a 497. 452 |b SCH | ||
| 100 | |a Schmidt-Riese, Roland |e (autor) | ||
| 245 | 1 | 0 | |a Investigar y representar : |b el Arte mexicana (1595) de Antonio del Rincón, SJ / |c R. Schmidt-Riese ; presen. de J.M. Durán, R.H. Yáñez Rosales. |
| 264 | |a Guadalajara, México : |b Universidad de Guadalajara, Biblioteca Pública del Estado de Jalisco Juan José Arreola, |c 2009 | ||
| 300 | |a 1 disco compacto de computadora + |e 1 díptico | ||
| 336 | |a datos para computadora |b cod |2 rdacontenido | ||
| 337 | |a computadora |b c |2 rdamedio | ||
| 338 | |a disco de computadora |b cd |2 rdasoporte | ||
| 440 | 1 | |a (Lenguas Indígenas) | |
| 520 | |a El libro Arte mexicana, del jesuita Antonio del Rincón, presenta uno de los primeros acercamientos a la gramática del nahua hecha a pocos años de la conquista española del altiplano mexicano. Publicado en 1595, existe una edición posterior, de Antonio Peñafiel, de 1885. En la presente obra se ofrece un estudio tanto de los libros como de la disposición de las materias y el tratamiento de las categorías gramaticales. | ||
| 649 | |a XX | ||
| 650 | |a Jesuitas en México | ||
| 650 | |a Iglesia Católica en México - |x Historia - |y Epoca Colonial, 1517-1821 | ||
| 650 | |a Misiones - |z México - |x Historia - |y Epoca Colonial, 1517-1821 | ||
| 650 | |a Nahua - |x Tema Principal | ||
| 650 | |a Pronombre | ||
| 650 | |a Gramática | ||
| 650 | |a Lenguas Indígenas - |z México - |x Bibliografías | ||
| 650 | |a Lenguas - |z México | ||
| 650 | |a Lingüística - |z México | ||
| 650 | |a Rincón, Antonio del - |x Tema Principal | ||
| 700 | |a Durán, Juan Manuel |e (presentación) | ||
| 700 | |a Yáñez Rosales, Rosa H. |e (presentación) | ||
| 910 | |a Fondo General | ||
| 920 | |a Electrónicos - Recursos en Disco | ||
| 905 | |a 207 | ||
| 901 | |a SFW0001290 |b IT2 |c SWS |i D59847 |u 20250521 | ||
| 901 | |a 0500246044 |b IT2 |c SAS |u 20250521 | ||
| 902 | |a https://opac.biblio.iteso.mx/vufind/Record/000329088 | ||